000 00825nam a2200265Ia 4500
003 OSt
005 20220925223432.0
006 a|||||r|||| 00| 0
007 ta
008 220923b |||||||| |||| 00| 0 eng d
020 _a0415378990
_c4473.59
037 _b142, 15/10/2007, Bharatiya Sahitya Bhavana
_cGeneral Book
040 _aRTL
_cRTL
_beng
041 _2eng
_aeng
082 _aY38, P6
100 _aFrost Catherine
_9289701
245 0 _aMorality and nationalism
260 _aLondon
_bRoutledge
_c2006
300 _axiii, 207p
_ccm.
490 _aRoutledge Innovations in Political Theory
500 _aBibliography P 193-200
650 _aSociolology
_9230864
942 _hY38, P6
_cGB
_2CC
999 _c579589
_d579589